000 00566nam a2200229Ia 4500
003 OSt
005 20220924142137.0
006 a|||||r|||| 00| 0
007 ta
008 220923b |||||||| |||| 00| 0 ben d
024 _a300549
037 _cTextual
040 _aARTS
_cARTS
_bben
041 _2ben
_aben
082 _aV2:1:L5, 157C5
100 _aSarkar
_9104788
245 0 _aEngrajer jay baarkat abarodh o palashi
260 _c1978
650 _aHISTORY
942 _hV2:1:L5, 157C5
_cTEXL
_2CC
999 _c449437
_d449437